000 00248nam a2200097Ia 4500
001 688823
005 20250826161622.0
008 250824s9999 xx 000 0 und d
245 0 _aKURULUŞ SULTANLARI
_cSEVİNÇ KUŞOĞLU
260 _bTİMAŞ YAYINLARI
999 _c688823
_d688823